[Event "Russia Cup Final KO Women"]
[Site "Belgorod RUS"]
[Date "2010.11.12"]
[Round "3.5"]
[White "Turova,I"]
[Black "Kovanova,B"]
[Result "1-0"]
[WhiteElo "2439"]
[BlackElo "2380"]

1.d4 Nf6 2.c4 e6 3.Nf3 b6 4.g3 Ba6 5.Qa4 Bb7 6.Bg2 Be7 7.O-O O-O 8.Nc3 d6
9.Qc2 c5 10.dxc5 bxc5 11.e4 Nc6 12.Rd1 Qb6 13.Bf4 e5 14.Bg5 Nd4 15.Ne2 Rac8
16.Nfxd4 cxd4 17.Qd3 h6 18.Bxf6 Bxf6 19.Rab1 a5 20.b3 Be7 21.f4 Qc6 22.f5 Bg5
23.h4 Be3+ 24.Kh2 Qd7 25.Ng1 g6 26.Bh3 g5 27.Nf3 f6 28.Bg2 Kg7 29.Re1 Qc6
30.Ng1 gxh4 31.gxh4 Bf4+ 32.Kh1 Kf7 33.Nh3 Be3 34.Rxe3 dxe3 35.Qxe3 Rh8 36.Rd1 Rhg8
37.Nf2 Rg7 38.Bf3 Qc5 39.Bh5+ Kg8 40.Qxc5 dxc5 41.Rd6 Rf8 42.Bg6 Rc7 43.h5 Kg7
44.Kh2 Bc8 45.Ng4 Bb7 46.Nf2 Bc8 47.Kg3 Rd7 48.Rd5 Rxd5 49.exd5 Bb7 50.Ne4 Rc8
51.Nd6 Rb8 52.Ne8+ Kh8 53.Nxf6 a4 54.bxa4 Ra8 55.Nd7 Rxa4 56.Nxe5 Rxa2 57.f6 Ra8
58.Kf4 Ba6 59.Kf5 Bc8+ 60.Ke4 Bh3 61.Nf7+ Kg8 62.Nxh6+ Kf8 63.Bf5 Re8+ 64.Kf4 Bf1
65.Be6  1-0

[Event "1st Open"]
[Site "Brno CZE"]
[Date "2010.11.15"]
[Round "3"]
[White "Halldorsson,J"]
[Black "Macek,K"]
[Result "1-0"]
[WhiteElo "2196"]
[BlackElo "1968"]

1.d4 Nf6 2.Nf3 e6 3.c4 b6 4.g3 Ba6 5.Qa4 Be7 6.Bg2 O-O 7.Nc3 d5 8.Ne5 Bb7
9.O-O Qe8 10.Qc2 c6 11.b3 Nbd7 12.Nd3 Rc8 13.Bf4 Ba6 14.cxd5 Nxd5 15.Nxd5 cxd5
16.Qd2 Bxd3 17.Qxd3 Nf6 18.a4 Qd7 19.Rfc1 Qb7 20.Qd2 Ne4 21.Bxe4 dxe4 22.Rxc8 Rxc8
23.Rc1 h6 24.g4 a6 25.Qe3 b5 26.Rxc8+ Qxc8 27.axb5 axb5 28.Qxe4 Qc3 29.Qe3 Qe1+
30.Kg2 Bh4 31.Qf3 Qb4 32.Qd3 Qe1 33.Be3 b4 34.f3 Bg5 35.f4 Be7 36.Bf2 Qc3
37.Kf3 Qxd3+ 38.exd3 Bd6 39.Ke4 Kf8 40.Bg3 Ke7 41.d5 Bc5 42.d4 Bd6 43.dxe6 fxe6
44.f5 exf5+ 45.gxf5  1-0

[Event "TCh-HUN 2010-11"]
[Site "Budapest HUN"]
[Date "2010.11.20"]
[Round "3"]
[White "Eltigani,O"]
[Black "Rigo,Ja"]
[Result "1-0"]
[WhiteElo "2246"]
[BlackElo "2313"]

1.d4 Nf6 2.c4 e6 3.Nf3 b6 4.g3 Ba6 5.b3 b5 6.cxb5 Bxb5 7.Bg2 a5 8.O-O d5
9.Nc3 Ba6 10.Bf4 Bd6 11.Re1 O-O 12.Rc1 Nbd7 13.Ne5 Bxe5 14.dxe5 Nh5 15.e4 Nxf4
16.gxf4 c6 17.Re3 Qh4 18.exd5 cxd5 19.Qd4 Rfb8 20.a3 Rc8 21.Rce1 Qe7 22.f5 Qc5
23.Qg4 Re8 24.f6 g6 25.Qh4 Qf8 26.Rg3 Rac8 27.Ree3 a4 28.Rh3 h5 29.Qxh5 Qg7
30.Qg5  1-0

[Event "TCh-FIN 2010-11"]
[Site "Tampere FIN"]
[Date "2010.11.20"]
[Round "4.6"]
[White "Mertanen,J"]
[Black "Raisanen,K"]
[Result "1-0"]
[WhiteElo "2280"]
[BlackElo "2112"]

1.d4 Nf6 2.c4 e6 3.Nf3 b6 4.g3 Ba6 5.Qc2 b5 6.cxb5 Bxb5 7.Bg2 d5 8.Bf4 Bd6
9.Nc3 Ba6 10.Qa4+ Qd7 11.Qa5 O-O 12.Rc1 Rc8 13.Bxd6 cxd6 14.O-O Qb7 15.Qa3 Rc6
16.Nd2 Bc4 17.Nxc4 Rxc4 18.Nxd5  1-0

[Event "XXVI Governors Cup"]
[Site "Legnica POL"]
[Date "2010.11.25"]
[Round "1"]
[White "Sethuraman,S"]
[Black "Pieniazek,Ar"]
[Result "1-0"]
[WhiteElo "2547"]
[BlackElo "2366"]

1.d4 Nf6 2.c4 e6 3.Nf3 b6 4.g3 Ba6 5.Qc2 c5 6.d5 exd5 7.cxd5 Bb7 8.Bg2 Nxd5
9.O-O Be7 10.Qe4 Na6 11.Nh4 O-O 12.Nf5 Bf6 13.Rd1 Nac7 14.Qc4 Re8 15.Rxd5 Bxd5
16.Bxd5 Nxd5 17.Qxd5 Rxe2 18.Nc3 Re5 19.Qf3 d5 20.g4 Re1+ 21.Kg2 Be5 22.Bg5 Rxa1
23.Bxd8 Rxd8 24.Ne7+ Kf8 25.Nc6 Re8 26.Qxd5 Bxc3 27.Qd6+ Kg8 28.Ne7+ Kh8
29.Qd7 Rf8 30.bxc3 Rxa2 31.Nf5 g6 32.Qe7 Kg8 33.Nh6+ Kg7 34.g5  1-0

[Event "WY U-16 Olympiad"]
[Site "Burdur TUR"]
[Date "2010.11.27"]
[Round "1"]
[White "Amangeldiyev,G"]
[Black "Grigoryan,K2"]
[Result "0-1"]
[WhiteElo "2004"]
[BlackElo "2368"]

1.d4 Nf6 2.c4 e6 3.Nf3 b6 4.g3 Ba6 5.Qc2 Bb7 6.Bg2 c5 7.O-O cxd4 8.Nxd4 Bxg2
9.Kxg2 Be7 10.Rd1 Qc8 11.Qd3 O-O 12.e4 Nc6 13.Nxc6 Qxc6 14.f3 Rfd8 15.Nc3 Rac8
16.Nb5 Qxc4 17.Nxa7 Qxd3 18.Rxd3 Rc2+ 19.Rd2 Rc5 20.b4 Rc4 21.Ba3 d5 22.e5 Nd7
23.f4 f6 24.Re1 fxe5 25.fxe5 Rc3 26.Bb2 Bxb4 27.Bxc3 Bxc3 28.Nc6 Bxd2 29.Re2 Bg5
30.h4 Rc8 31.Rc2 Nc5 32.Nd4 Be3 33.Nxe6 Re8 34.Nc7 Rxe5  0-1

[Event "4th South Bohemia Open"]
[Site "Cesky Krumlov CZE"]
[Date "2010.11.27"]
[Round "8"]
[White "Chetverik,M"]
[Black "Yakimenko,Alex"]
[Result "0-1"]
[WhiteElo "2339"]
[BlackElo "2194"]

1.d4 Nf6 2.c4 e6 3.Nf3 b6 4.g3 Ba6 5.Qa4 Be7 6.Bg2 O-O 7.Nc3 Bb7 8.O-O Ne4
9.Nxe4 Bxe4 10.Rd1 d6 11.Bf4 Nd7 12.Ne5 Nf6 13.Bxe4 Nxe4 14.Nc6 Qe8 15.f3 Nf6
16.e4 Nh5 17.Be3 f5 18.exf5 Rxf5 19.Nxe7+ Qxe7 20.Qc6 Raf8 21.Rf1 R5f7 22.Rae1 g5
23.Bd2 Ng7 24.Qe4 Rf5 25.Kg2 h6 26.g4 R5f6 27.h4 gxh4 28.g5 R6f7 29.Qxh4 Nf5
30.Qg4 Rg7 31.f4 Qd7 32.Kg1 Qc6 33.Bc3 Qxc4 34.d5 e5 35.Qf3 Qc5+ 36.Rf2 Nh4
37.Qh3 Rxf4 38.Qe6+ Rgf7 39.Qe8+ Kh7 40.g6+ Nxg6  0-1

[Event "Vasylyshyn Memorial GM"]
[Site "Lviv UKR"]
[Date "2010.11.27"]
[Round "5"]
[White "Grabliauskas,V"]
[Black "Bernadskiy,V"]
[Result "1-0"]
[WhiteElo "2404"]
[BlackElo "2438"]

1.d4 Nf6 2.c4 e6 3.Nf3 b6 4.g3 Ba6 5.b3 Bb4+ 6.Bd2 Be7 7.Bg2 d5 8.cxd5 exd5
9.Nc3 O-O 10.O-O c5 11.Rc1 Nc6 12.Bg5 Re8 13.Re1 Rc8 14.dxc5 d4 15.Na4 b5
16.Nb2 Ne4 17.Bxe7 Rxe7 18.Qd3 Qd5 19.Nd2 f5 20.e3 Rce8 21.exd4 Nb4 22.Qe3 Nxa2
23.Nxe4 fxe4 24.Ra1 Nb4 25.Qc3 Nc6 26.Rxa6 Nxd4 27.Rd6 Nf3+ 28.Bxf3 exf3
29.Rxe7  1-0

[Event "XXIII Belgrade Trophy"]
[Site "Obrenovac SRB"]
[Date "2010.11.27"]
[Round "4.58"]
[White "Mrdak,M"]
[Black "Kosic,L"]
[Result "1-0"]
[WhiteElo "2061"]
[BlackElo "1946"]

1.d4 Nf6 2.Nf3 e6 3.c4 b6 4.g3 Ba6 5.Qa4 Be7 6.Bg2 O-O 7.O-O d5 8.Ne5 c6
9.Nc3 Nfd7 10.Nxc6 Nxc6 11.Qxa6 Nxd4 12.cxd5 b5 13.d6 Nc5 14.dxe7 Qxe7 15.Qa5 Rab8
16.Be3 Nc2 17.Rac1 Nxe3 18.fxe3 Qg5 19.Nd1 Nd7 20.Qxa7 Rfd8 21.Qd4 Nf6 22.Qf4 Qh5
23.Bf3 Qg6 24.e4 Nd7 25.e5 Nb6 26.Be4 Qh5 27.g4 Qh4 28.Ne3 Rf8 29.Rc7 f6
30.Ng2 Qh3 31.Rf3 fxe5 32.Rxg7+ Kxg7 33.Qg5+  1-0

[Event "XXIII Belgrade Trophy"]
[Site "Obrenovac SRB"]
[Date "2010.11.28"]
[Round "5.25"]
[White "Stamenkovic,A"]
[Black "Sredojevic,I"]
[Result "1-0"]
[WhiteElo "2271"]
[BlackElo "2411"]

1.d4 Nf6 2.Nf3 e6 3.c4 b6 4.g3 Ba6 5.Qc2 Bb7 6.Bg2 d5 7.cxd5 exd5 8.O-O Bd6
9.Nh4 g6 10.Bh6 Ng4 11.Qd2 Nxh6 12.Qxh6 Bf8 13.Qe3+ Be7 14.Qh6 Bg5 15.Qg7 Bf6
16.Qh6 Bxd4 17.Nc3 c6 18.e4 Qf6 19.exd5 Bxc3 20.bxc3 cxd5 21.Rfe1+ Kd8 22.c4 Nd7
23.cxd5 Rc8 24.Qd2 Rc5 25.Rad1 Re8 26.Rxe8+ Kxe8 27.d6 Bxg2 28.Nxg2 Ne5 29.Qe2 Kd7
30.Qa6 Kd8 31.Qxa7 Nd7 32.Qa8+ Rc8 33.Qe4 Nc5 34.Qd5 Qe6 35.Qd4 Kd7 36.Nf4 Qxa2
37.Nd5 Qb3 38.Nf6+ Kc6 39.d7 Rd8 40.Qd6+ Kb7 41.Re1 Nd3 42.Qe7 Nxe1 43.Qxd8 Qf3
44.Qc8+ Ka7 45.Qc7+ Ka6 46.Qc4+ Kb7 47.Qd5+  1-0

[Event "XXIII Belgrade Trophy"]
[Site "Obrenovac SRB"]
[Date "2010.11.29"]
[Round "6.62"]
[White "Pantovic,D"]
[Black "Marinkov,S"]
[Result "0-1"]
[WhiteElo "2113"]
[BlackElo "1939"]

1.d4 Nf6 2.c4 e6 3.Nf3 b6 4.g3 Ba6 5.Nbd2 Bb7 6.Bg2 c5 7.e4 cxd4 8.Nxd4 d6
9.O-O Nbd7 10.a4 a6 11.Re1 Qc7 12.a5 bxa5 13.N2b3 Nc5 14.Nxa5 Bxe4 15.Bxe4 Ncxe4
16.Qf3 d5 17.cxd5 exd5 18.Bf4 Qb6 19.Qd1 Bb4 20.Qa4+ Kf8 21.Nac6 Bxe1 22.Qa3+ Qc5
23.Qa4 Bxf2+ 24.Kg2 Bxd4 25.Nxd4 g5 26.Rc1 Qb6 27.Bc7 Qxb2+ 28.Rc2 Qb7 29.Qa3+ Kg8
30.Nf5 h5 31.Ne7+ Kh7 32.Qf3 Rhe8 33.Qf5+ Kg7 34.h4 Rxe7 35.hxg5 Nd7  0-1

[Event "WY U-16 Olympiad"]
[Site "Burdur TUR"]
[Date "2010.11.30"]
[Round "6"]
[White "Rindlisbacher,J"]
[Black "Jayasundara,P"]
[Result "1/2-1/2"]
[WhiteElo "2155"]
[BlackElo "1963"]

1.d4 Nf6 2.c4 e6 3.Nf3 b6 4.g3 Ba6 5.b3 Bb4+ 6.Bd2 c5 7.Bg2 Bb7 8.Bxb4 cxb4
9.Nbd2 O-O 10.Qc2 d6 11.e4 Nbd7 12.O-O e5 13.Bh3 Re8 14.d5 Nc5 15.a3 bxa3
16.b4 Ncd7 17.Rxa3 a5 18.Rfa1 Qc7 19.Bxd7 Nxd7 20.Qc3 axb4 21.Qxb4 Rxa3 22.Rxa3 Qc5
23.Qa4 Qc7 24.Qb5 Ra8 25.Rxa8+ Bxa8 26.Ne1 Kf8 27.Nd3 g6 28.f4 f6 29.fxe5 fxe5
30.Nf3 h6 31.Qb4 Kg7 32.g4 Bb7 33.Kg2 Ba6 34.Nd2 Nc5 35.Nxc5 Qxc5 36.Qa4 Bc8
37.Qa7+ Kg8 38.Qb8 Kg7 39.h3 h5 40.Qa7+ Kg8 41.Nf3 hxg4 42.hxg4 Qe3 43.Qb8 Qc5
44.Ng5 Qxc4 45.Ne6 Qxe4+ 46.Kg3 Qe3+ 47.Kh4 Qh6+ 48.Kg3 Qe3+ 49.Kh4 Qh6+
50.Kg3 Qe3+  1/2-1/2

[Event "Moscow TCh-Student Final"]
[Site "Moscow RUS"]
[Date "2010.11.30"]
[Round "2"]
[White "Inarkiev,E"]
[Black "Mozharov,M"]
[Result "0-1"]
[WhiteElo "2667"]
[BlackElo "2494"]

1.d4 Nf6 2.c4 e6 3.Nf3 b6 4.g3 Ba6 5.b3 Bb4+ 6.Bd2 c5 7.Bg2 Bb7 8.O-O Bxd2
9.Qxd2 cxd4 10.Qxd4 Nc6 11.Qh4 d5 12.Nc3 dxc4 13.Nd4 Nxd4 14.Bxb7 Rb8 15.Bg2 Nf5
16.Bc6+ Ke7 17.Qxc4 Rc8 18.Rfd1 Nd6 19.Qa4 Qc7 20.Nb5 Nxb5 21.Bxb5 a5 22.Ba6 Rcd8
23.Rdc1 Qe5 24.Rab1 Nd5 25.Bc4 Nc3 26.Qa3+ Kf6 27.Rb2 b5 28.Rbc2 b4 29.Qb2 h5
30.h4 Rd4 31.e3 Rd6 32.Rd2 Rhd8 33.Rcc2 g6 34.Bf1 Ne4 35.Rxd6 Rxd6 36.Qc1 Nc3
37.Rd2 Rxd2 38.Qxd2 Qd5 39.Qb2 Qd1 40.a3 e5 41.axb4 axb4 42.f3 Qxf3 43.Qf2 Qxf2+
44.Kxf2 Ne4+ 45.Kg2 Nd2 46.Bd3 Nxb3 47.Kf2 Nc5 48.Bb1 Ke6 49.e4 b3 50.Ke3 Kd6
51.Kd2 Kc6 52.Kc3 Kb5  0-1

[Event "XXIII Belgrade Trophy"]
[Site "Obrenovac SRB"]
[Date "2010.11.30"]
[Round "7.21"]
[White "Indjic,A"]
[Black "Blesic,V"]
[Result "1-0"]
[WhiteElo "2249"]
[BlackElo "2426"]

1.d4 Nf6 2.Nf3 e6 3.c4 b6 4.g3 Ba6 5.b3 c6 6.Bg2 d5 7.Qc2 Nbd7 8.O-O Rc8
9.Nbd2 c5 10.Bb2 Be7 11.e4 dxc4 12.bxc4 cxd4 13.e5 Nd5 14.Qa4 Nc7 15.Nxd4 O-O
16.Nc6 Nc5 17.Qc2 Qe8 18.Nxa7 Ra8 19.Nc6 Bb7 20.Nxe7+ Qxe7 21.Bxb7 Nxb7 22.Ne4 Rfd8
23.a3 Na6 24.Bc1 Qc7 25.Bf4 Rd4 26.Rac1 Nac5 27.Ng5 g6 28.Rfd1 Rxd1+ 29.Rxd1 Rxa3
30.Ne4 Nxe4 31.Qxe4 Nc5 32.Qd4 Kg7 33.Bg5 h6 34.Bxh6+ Kxh6 35.Qh4+ Kg7 36.Qf6+ Kh7
37.Rd8 Qxd8 38.Qxd8 Rb3 39.Qf8 Rf3 40.Kg2 Rf5 41.f4 g5 42.fxg5 Nd7 43.Qh6+  1-0

[Event "Vasylyshyn Memorial GM"]
[Site "Lviv UKR"]
[Date "2010.12.01"]
[Round "9"]
[White "Fedoseev,Vl3"]
[Black "Bernadskiy,V"]
[Result "1-0"]
[WhiteElo "2477"]
[BlackElo "2438"]

1.d4 Nf6 2.c4 e6 3.Nf3 b6 4.g3 Ba6 5.Qa4 Bb7 6.Bg2 c5 7.dxc5 bxc5 8.O-O Be7
9.Nc3 O-O 10.Rd1 d6 11.Bf4 Qb6 12.Rd2 Rd8 13.Rad1 h6 14.Qb5 Ne8 15.e4 Nd7
16.e5 Qxb5 17.Nxb5 d5 18.cxd5 Bxd5 19.Nh4 Bxg2 20.Nxg2 a6 21.Na3 Nb6 22.Rxd8 Rxd8
23.Rxd8 Bxd8 24.Bd2 Nc7 25.Ne3 Ncd5 26.Nac4 g5 27.Kg2 Kg7 28.Kf3 Kg6 29.Ke4 f5+
30.exf6 Nxf6+ 31.Kd3 Nxc4 32.Kxc4 Ne4 33.Be1 Be7 34.Kd3 Nd6 35.Bc3 h5 36.h3 Bf6
37.Nc4 Bxc3 38.bxc3 Nf7 39.g4 hxg4 40.hxg4 Kf6 41.Ke4 Nd8 42.Na5 Ke7 43.Nb3 Kd6
44.Nd2 Ke7 45.Ke3 e5 46.Ne4 Ne6 47.Kd3 Kd7 48.Kc4 Kc6 49.f3 a5 50.a4 Kb6
51.Kd5 Nf4+ 52.Kxe5 Nd3+ 53.Kd5 Nb2 54.Nxc5 Nd1 55.Ne4 Nb2 56.Nxg5 Nxa4 57.Ne4 Nb2
58.g5 Nd3 59.Kd4 Nf4 60.Ke5 Nh5 61.f4 a4 62.f5 a3 63.Nd2 a2 64.Nb3 Kc6 65.Ke6 Nf4+
66.Kf7 Nh3 67.g6 Ng5+ 68.Ke7  1-0

[Event "XXIII Belgrade Trophy"]
[Site "Obrenovac SRB"]
[Date "2010.12.01"]
[Round "8.50"]
[White "Potpara,N"]
[Black "Kosic,L"]
[Result "1-0"]
[WhiteElo "2160"]
[BlackElo "1946"]

1.d4 Nf6 2.c4 e6 3.Nf3 b6 4.g3 Ba6 5.Nbd2 c6 6.e4 d5 7.e5 Ng8 8.Qb3 Ne7 9.Bg2 dxc4
10.Nxc4 Bxc4 11.Qxc4 Qd5 12.Qd3 Qa5+ 13.Bd2 Qa6 14.Qe4 Qb5 15.a4 Qxb2 16.O-O Qb3
17.Ng5 Ng6 18.Qe2 Qb2 19.Qf3 f6 20.exf6 Qxd2 21.fxg7 Qxg5 22.gxh8=Q Nxh8
23.Rfe1 Kd7 24.Qxf8  1-0

[Event "XXIII Belgrade Trophy"]
[Site "Obrenovac SRB"]
[Date "2010.12.01"]
[Round "8.19"]
[White "Stanojevic,B"]
[Black "Rajkovic,Du"]
[Result "1/2-1/2"]
[WhiteElo "2278"]
[BlackElo "2425"]

1.d4 Nf6 2.c4 e6 3.Nf3 b6 4.g3 Ba6 5.b3 b5 6.cxb5 Bxb5 7.Bg2 Bb4+ 8.Bd2 a5
9.a3 Be7 10.Nc3 Bc6 11.Qc2 O-O 12.O-O Bb7 13.e4  1/2-1/2

[Event "ch-RSSU"]
[Site "Moscow RUS"]
[Date "2010.12.03"]
[Round "3"]
[White "Lysyj,I"]
[Black "Yaksin,O"]
[Result "1-0"]
[WhiteElo "2627"]
[BlackElo "2396"]

1.d4 Nf6 2.c4 e6 3.Nf3 b6 4.g3 Ba6 5.Qc2 Bb7 6.Bg2 c5 7.d5 exd5 8.cxd5 Nxd5
9.O-O Be7 10.Qe4 Na6 11.Nh4 g6 12.Nf5 gxf5 13.Qe5 O-O 14.Qxf5 f6 15.Bxd5+ Bxd5
16.Qxd5+ Rf7 17.Rd1 Bf8 18.Nc3 Nc7 19.Qf3 f5 20.Be3 Bg7 21.Rd2 Bxc3 22.bxc3 Ne6
23.Rad1 Rc8 24.Rd5 Qf6 25.Rxd7 Rcf8 26.Rxf7 Rxf7 27.Rd6 Qe5 28.Qc6 Re7 29.a4 Kf7
30.Rd3 h5 31.Qf3 Kg6 32.Rd5 Qf6 33.h4 Nc7 34.Bg5 Qe6 35.Rd3 Rd7 36.Rxd7 Qxd7
37.e4 Qe6 38.exf5+ Qxf5 39.Qc6+ Ne6 40.Be3 Kg7 41.Kg2 Qf7 42.Qe4 Nc7 43.c4 Ne6
44.Qd5 Kg6 45.Qe4+ Kg7 46.f3 Qf6 47.Qb7+ Kg6 48.Qxa7 Nd4 49.Qb7 Qc6 50.Qxc6+ Nxc6
51.g4 Ne5 52.Kg3 Nxc4 53.Bc1 Ne5 54.Bb2 Nc4 55.Bc3 Ne3 56.Be5 Nc4 57.Ba1 Nd2
58.Kf4 Nb3 59.Bc3 c4 60.Bb4 Nc1 61.Ke4 Nd3 62.Ba3 Ne1 63.Bb2 Nd3 64.Bd4 Nb4
65.Bxb6 c3 66.Be3 c2 67.a5 Na6 68.Kd3 Nb4+ 69.Kc4 Nc6 70.a6 Ne5+ 71.Kd5 hxg4
72.Kxe5 gxf3 73.a7  1-0

[Event "Australian Masters"]
[Site "Canterbury AUS"]
[Date "2010.12.04"]
[Round "1"]
[White "Smirnov,Vl1"]
[Black "Illingworth,M"]
[Result "1-0"]
[WhiteElo "2379"]
[BlackElo "2304"]

1.d4 Nf6 2.c4 e6 3.Nf3 b6 4.g3 Ba6 5.Qa4 c6 6.Nc3 b5 7.cxb5 cxb5 8.Nxb5 Qb6
9.Nc3 Bb4 10.Bd2 O-O 11.a3 Bxc3 12.Bxc3 Ne4 13.Bg2 Rc8 14.Ne5 d5 15.O-O Bxe2
16.Rfc1 Na6 17.Bxe4 dxe4 18.Qc2 Bb5 19.Qxe4 Nc7 20.a4 Be8 21.Nc4 Qa6 22.Bb4 Nd5
23.Bc5 Rd8 24.b4 Nf6 25.Qe2 Qb7 26.b5 Qd5 27.Ne5 Ne4 28.f3 Nxc5 29.dxc5 a6
30.b6 f6 31.c6 fxe5 32.c7 Rdc8 33.Qe4 Bd7 34.b7 Kf7 35.bxa8=Q Rxa8 36.Rab1 Re8
37.Qe3 Kf6 38.Rc5 Qd4 39.Qxd4 exd4 40.f4 g5 41.Rxg5 Rc8 42.Rc5 Bxa4 43.Rb8 Bd7
44.Rxc8 Bxc8 45.Rc4 e5 46.Rc6+ Ke7 47.fxe5 Kd7 48.Rc5 d3 49.Kf2 a5 50.Ke3 Ba6
51.Rxa5 Bc4 52.c8=Q+  1-0

[Event "48th ch-IND"]
[Site "New Delhi IND"]
[Date "2010.12.10"]
[Round "2"]
[White "Navin,K"]
[Black "Prathamesh,S"]
[Result "0-1"]
[WhiteElo "2369"]
[BlackElo "2408"]

1.d4 Nf6 2.Nf3 e6 3.c4 b6 4.g3 Ba6 5.Qc2 Bb4+ 6.Bd2 Be7 7.e4 d5 8.cxd5 Bxf1
9.Kxf1 exd5 10.e5 Ne4 11.Nc3 Nxd2+ 12.Nxd2 Qd7 13.f4 Nc6 14.Nf3 O-O-O 15.Kg2 Kb7
16.Rac1 h5 17.h4 f6 18.Rhd1 Rhg8 19.Ne2 Rdf8 20.a3 Bd8 21.f5 fxe5 22.dxe5 Ne7
23.e6 Qe8 24.Ned4 c5 25.a4 Bc7 26.b4 c4 27.Ng5 g6 28.Rf1 gxf5 29.Nxf5 Nxf5
30.Rxf5 Qc6 31.b5 Qd6 32.Kh1 Qxg3  0-1

[Event "17th Open A"]
[Site "Zadar CRO"]
[Date "2010.12.13"]
[Round "2.19"]
[White "Bodiroga,P"]
[Black "Szabo,Ben"]
[Result "1/2-1/2"]
[WhiteElo "2399"]
[BlackElo "2375"]

1.d4 Nf6 2.c4 e6 3.Nf3 b6 4.g3 Ba6 5.Qa4 Bb7 6.Bg2 c5 7.O-O cxd4 8.Nxd4 Bxg2
9.Kxg2 Qc7 10.Rd1 a6 11.f3 Be7 12.Nc3 O-O 13.Bf4 Qb7 14.Rac1 Rc8 15.Qb3 d6
16.Bg5 Nbd7 17.Bxf6 Nxf6 18.Na4 Nd7 19.Qe3 Ne5 20.b3 h6 21.h4 Rc7 22.Nc3 Rac8
23.a4 Ng4 24.Qd2 Nf6 25.e4 d5 26.cxd5 Bb4 27.Nc6 Bxc3 28.Rxc3 exd5 29.exd5 Nxd5
30.Qxd5 Rxc6 31.Rxc6 Qxc6 32.Qxc6 Rxc6 33.Rd8+ Kh7 34.Rd3 Kg6 35.g4 Kf6 36.f4 h5
37.gxh5 Kf5 38.Kf3 Rc1 39.Rd5+ Ke6 40.Re5+ Kf6 41.Re3 Kf5 42.Re5+ Kf6 43.Re3 Kf5
44.Re5+ Kf6  1/2-1/2

[Event "European Rapid Championship"]
[Site "Warsaw POL"]
[Date "2010.12.18"]
[Round "1"]
[White "Moranda,W"]
[Black "Szmacinski,Slawomir"]
[Result "1-0"]
[WhiteElo "2578"]
[BlackElo "1846"]

1.d4 Nf6 2.c4 e6 3.Nf3 b6 4.g3 Ba6 5.Qc2 Bb4+ 6.Bd2 Be7 7.Bg2 Bb7 8.Nc3 O-O
9.e4 d6 10.O-O Nc6 11.Rad1 Qc8 12.Rfe1 e5 13.d5 Nb4 14.Qb1 Qd8 15.a3 Na6
16.b4 Bc8 17.h3 Nb8 18.Be3 Nbd7 19.Kh2 Re8 20.Nd2 Nf8 21.Nb3 Rb8 22.Qc2 N8d7
23.f4 exf4 24.gxf4 Nh5 25.Bf3 Nhf6 26.Nd4 g6 27.Nc6 Nf8 28.Nxd8 Rxd8 29.Nb5 Rb7
30.e5 Bf5 31.Qg2 N6d7 32.Nd4 Kh8 33.Rg1  1-0

[Event "European Rapid Championship"]
[Site "Warsaw POL"]
[Date "2010.12.18"]
[Round "7"]
[White "Moranda,W"]
[Black "Gashimov,S"]
[Result "1/2-1/2"]
[WhiteElo "2578"]
[BlackElo "2351"]

1.d4 Nf6 2.c4 e6 3.Nf3 b6 4.g3 Ba6 5.Qc2 c5 6.d5 exd5 7.cxd5 g6 8.Nc3 Bg7
9.e4 Bxf1 10.Kxf1 d6 11.Kg2 O-O 12.Re1 Re8 13.h3 a6 14.a4 h6 15.Bf4 Nh5 16.Be3 Nd7
17.Nd2 Rb8 18.Nc4 Qc7 19.g4 Nhf6 20.Bf4 Bf8 21.f3 b5 22.axb5 axb5 23.Na5 b4
24.Ne2 Ra8 25.Nc4 Nb6 26.Ne3 Qd7 27.b3 Bg7 28.Rxa8 Rxa8 29.h4 Ne8 30.h5 g5
31.Bg3 Qa7 32.Nc1 Nd7 33.Nf5 Bf8 34.Re2 Qa1 35.Nd3 f6 36.Qb2 Qa6 37.Nf2 Nc7
38.Qc2 Ne5 39.Bxe5 fxe5 40.Nd3 Nb5 41.Qc4 Nc3 42.Qxa6 Rxa6 43.Rb2 Kf7 44.Ne1 Nd1
45.Rd2 Nc3 46.Rb2 Ke8 47.Nc2 Kd7 48.Nce3 Kc7 49.Nc4 Ra1 50.Kg3 Nd1 51.Rd2 Nc3
52.Rb2 Nb5 53.Kf2 Nc3 54.Kg3 Na2 55.Kf2 Nc3 56.Kg3 Ra6 57.Kg2 Nb5 58.Kf2 Ra1
59.Kg2 Na3 60.Nfe3 Nb5 61.Nf5  1/2-1/2

[Event "European Rapid Championship"]
[Site "Warsaw POL"]
[Date "2010.12.18"]
[Round "7"]
[White "Moiseenko,A1"]
[Black "Berzinsh,R"]
[Result "1-0"]
[WhiteElo "2670"]
[BlackElo "2427"]

1.d4 Nf6 2.c4 e6 3.Nf3 b6 4.g3 Ba6 5.Qb3 Nc6 6.Nbd2 Bb7 7.e4 Na5 8.Qc2 d5
9.cxd5 exd5 10.e5 Ne4 11.Bb5+ c6 12.Bd3 Nxd2 13.Bxd2 Be7 14.O-O Nc4 15.Bc1 h6
16.b3 Na3 17.e6 fxe6 18.Ne5  1-0

[Event "Amitan Memorial"]
[Site "Donetsk UKR"]
[Date "2010.12.25"]
[Round "7"]
[White "Goganov,A"]
[Black "Soltanici,R"]
[Result "1-0"]
[WhiteElo "2478"]
[BlackElo "2415"]

1.d4 Nf6 2.Nf3 e6 3.c4 b6 4.g3 Ba6 5.Qc2 Bb4+ 6.Bd2 Bxd2+ 7.Nbxd2 c5 8.dxc5 bxc5
9.Bg2 Nc6 10.O-O O-O 11.Rfd1 Rb8 12.b3 Qe7 13.Ne4 Nxe4 14.Qxe4 Rfd8 15.Rd2 Bb7
16.Qf4 d5 17.cxd5 exd5 18.e3 Rd7 19.Rad1 Rbd8 20.h4 h6 21.h5 Nb4 22.Nh4 Qg5
23.a3 Qxf4 24.gxf4 Na6 25.Bh3 Rc7 26.Bf1 Nb8 27.Bg2 Rcd7 28.Nf5 Kf8 29.Rc1 Na6
30.Rcd1 Nc7 31.b4 c4 32.Nd4 Ne8 33.Ne2 Nf6 34.Bf3 Ke7 35.Rd4 Rd6 36.Nc3 a6
37.Kf1 Bc6 38.Ke2 Bb7 39.Rg1 Kf8 40.a4 Bc8 41.Rgd1 Ke7 42.Bxd5 Bg4+ 43.f3 Bxh5
44.e4 R6d7 45.Ke3 g5 46.f5 g4 47.e5 Nxd5+ 48.Nxd5+ Kf8 49.e6 fxe6 50.fxe6 Re8
51.Nf4 Rxd4 52.Rxd4 Bf7 53.Re4 gxf3 54.Kxf3 Bg8 55.Rxc4 Bxe6 56.Rc6 Bc8 57.Rxh6 Bb7+
58.Kg4 Bc8+ 59.Kg3 Re3+ 60.Kf2 Re4 61.Nd3 Ke7 62.Rc6 Kd8 63.Rc5 Rh4 64.Ke3 Bd7
65.Ra5 Bc8 66.Kd2 Kc7 67.Kc3 Kb6 68.Rg5 Rh7 69.Rg6+ Ka7 70.Rf6 Rc7+ 71.Kd4 Rd7+
72.Kc4 Rh7 73.Ne5 Bb7 74.Kc5 Rh5 75.Kd6 Rh4 76.Kc5 Rh5 77.Re6 Rh7 78.Kd6 Rh4
79.Re7 Ka8 80.Kc5 Rh6 81.b5 axb5 82.axb5 Rh8 83.Kb6 Bf3 84.Ra7+ Kb8 85.Nc6+ Bxc6
86.bxc6 Rh6 87.Rg7 Rh8 88.Rb7+  1-0

[Event "Schaakfestival Open A"]
[Site "Groningen NED"]
[Date "2010.12.27"]
[Round "6"]
[White "Ernst,S"]
[Black "Poetsch,H"]
[Result "1-0"]
[WhiteElo "2590"]
[BlackElo "2408"]

1.d4 Nf6 2.c4 e6 3.Nf3 b6 4.g3 Ba6 5.Qc2 Bb7 6.Bg2 Bb4+ 7.Bd2 Bxd2+ 8.Nbxd2 c5
9.e4 cxd4 10.e5 Ng4 11.Ne4 Qc7 12.Nd6+ Ke7 13.Qd2 Nxe5 14.Nxb7 Nxf3+ 15.Bxf3 Nc6
16.b4 Rab8 17.O-O Rxb7 18.b5 Ne5 19.Bxb7 Qxb7 20.Qg5+ Kd6 21.Qf4 f6 22.Rfe1 Rc8
23.Qxd4+ Ke7 24.Rxe5 fxe5 25.Qxe5 Kf7 26.Rd1 Rc7 27.Qh5+ Kf6 28.Qxh7 Qf3
29.Re1 Kf7 30.h4 d5 31.h5 Rc5  1-0

[Event "WSB Masters IM"]
[Site "Wroclaw POL"]
[Date "2010.12.30"]
[Round "5"]
[White "Stachowiak,K"]
[Black "Matuszewski,Mi"]
[Result "1-0"]
[WhiteElo "2404"]
[BlackElo "2361"]

1.d4 Nf6 2.Nf3 e6 3.c4 b6 4.g3 Ba6 5.Qa4 c6 6.Bg2 d5 7.cxd5 b5 8.Qb3 cxd5
9.O-O Nc6 10.Bg5 Be7 11.Nbd2 O-O 12.Rfc1 Qb6 13.e3 h6 14.Bxf6 Bxf6 15.Qd1 Na5
16.Nb3 Nc4 17.Nc5 Bc8 18.b3 Nd6 19.Ne5 Rd8 20.f4 a5 21.a4 b4 22.Bf1 Ra7 23.Ra2 Be7
24.Rac2 Bf8 25.Bd3 Rc7 26.g4 f6 27.Ng6 Nf7 28.Nxf8 Rxf8 29.Nd7 Rxd7 30.Rxc8 e5
31.Bh7+ Kxh7 32.Rxf8 exf4 33.Qd3+ g6 34.Re8 Qd6 35.Rf1 Rc7 36.exf4 Qd7 37.Qe2 Nd6
38.Ra8 Ne4 39.f5 gxf5 40.gxf5 Qc6 41.Rxa5 Re7 42.Qd3 Qc7 43.Ra6 Rg7+ 44.Kh1 Qc1
45.Qe2 Qg5 46.Re6 Nd2 47.Rd1 Qxf5 48.Rxd2  1-0

[Event "HSK GM"]
[Site "Hamburg GER"]
[Date "2011.01.02"]
[Round "1.4"]
[White "Bracker,A"]
[Black "Berger,Stev"]
[Result "1/2-1/2"]
[WhiteElo "2240"]
[BlackElo "2427"]

1.d4 e6 2.c4 Nf6 3.Nf3 b6 4.g3 Ba6 5.Qa4 Bb7 6.Bg2 c5 7.dxc5 bxc5 8.O-O Be7
9.Nc3 O-O 10.Rd1 Qb6 11.Bf4 d6 12.Rab1 Ne4 13.Qc2 f5 14.Nd2 Nf6 15.Bxb7 Qxb7
16.Nf3 Rd8 17.Rd2 Nc6 18.Bg5 Ne5 19.Nxe5 dxe5 20.Rbd1 Rd4 21.Bxf6 Bxf6 22.Nb5 Rxd2
23.Qxd2 a6 24.Nc3 Qb4 25.Nd5 Qxd2 26.Nxf6+ Kf7 27.Rxd2 Kxf6 28.Rd7 a5 29.Rc7 Rb8
30.b3 a4 31.bxa4 Rb4 32.Rxc5 Rxa4 33.f3  1/2-1/2

[Event "1st HDBank Cup"]
[Site "Ho Chi Minh City VIE"]
[Date "2011.01.04"]
[Round "1.13"]
[White "Xiu,D"]
[Black "Bao Khoa"]
[Result "0-1"]
[WhiteElo "2508"]
[BlackElo "2264"]

1.d4 Nf6 2.c4 e6 3.Nf3 b6 4.g3 Ba6 5.Qc2 Bb4+ 6.Nbd2 O-O 7.Bg2 d5 8.O-O c6
9.b3 Nbd7 10.a3 Be7 11.e4 Nxe4 12.Nxe4 dxe4 13.Qxe4 c5 14.Rd1 Bf6 15.Ra2 Rc8
16.Be3 Qe7 17.Rad2 b5 18.cxb5 Bxb5 19.dxc5 Nxc5 20.Qb4 Ba6 21.Rd6 Be2 22.R1d2 Na6
23.Qa5 Rc1+ 24.Rd1 Bxd1 25.Rxa6 Bc3 26.Bxc1 Bxa5 27.Rxa5 Qc7 28.Bd2 Rd8 29.Bb4 Be2
30.Ne1 Rd1 31.Bf1 Bxf1 32.Kxf1 Rd5 33.Ra6 Qb7 34.Ra4 a5 35.Bxa5 Qa6+  0-1

[Event "1st HDBank Cup"]
[Site "Ho Chi Minh City VIE"]
[Date "2011.01.07"]
[Round "7.5"]
[White "Zhou Weiqi"]
[Black "Bao Khoa"]
[Result "1-0"]
[WhiteElo "2573"]
[BlackElo "2264"]

1.d4 Nf6 2.c4 e6 3.Nf3 b6 4.g3 Ba6 5.Qc2 Bb4+ 6.Nbd2 O-O 7.Bg2 d5 8.O-O c5
9.dxc5 Bxc5 10.b3 Nc6 11.Bb2 Rc8 12.Rad1 Qe7 13.e4 dxc4 14.Nxc4 b5 15.e5 bxc4
16.exf6 gxf6 17.bxc4 Bd6 18.Rxd6 Qxd6 19.Bxf6 Ne7 20.Qc1 Rfe8 21.Qh6 Nf5
22.Qg5+ Kf8 23.Nh4 h6 24.Nxf5 hxg5 25.Nxd6  1-0

[Event "9th Parsvnath Open"]
[Site "New Delhi IND"]
[Date "2011.01.09"]
[Round "3.23"]
[White "Rajbhandari,R"]
[Black "Kaushik,S"]
[Result "0-1"]
[WhiteElo "1984"]
[BlackElo "2154"]

1.d4 Nf6 2.c4 e6 3.Nf3 b6 4.g3 Ba6 5.b3 Bb4+ 6.Bd2 Be7 7.Bg2 c6 8.O-O d5
9.Ne5 Nfd7 10.Nxd7 Nxd7 11.Bf4 O-O 12.Nd2 Bf6 13.e3 Qe7 14.Re1 g5 15.Be5 Bxe5
16.dxe5 Nxe5 17.Qh5 f6 18.f4 gxf4 19.exf4 Qc5+ 20.Kf1 dxc4 21.Be4 f5 22.Bh1 Ng4  0-1